| 000 | 00612nam a2200217 i 4500 | ||
|---|---|---|---|
| 001 | 44566 | ||
| 003 | ES-MaACL | ||
| 005 | 20250807211447.0 | ||
| 007 | t| | ||
| 008 | 030321s1971 sp ||||1| spa d | ||
| 080 | _a396:28 | ||
| 100 | 1 |
_aCebolla López, Fermín. _937287 |
|
| 245 | 1 | 3 |
_aLa mujer como sub-Iglesia / _cFermín Cebolla López. |
| 260 |
_aMadrid : _bAlameda, _c[1971] |
||
| 300 |
_a58 p. ; _c17 cm. |
||
| 490 | 1 |
_aOtra mujer ; _v8 |
|
| 650 | 7 |
_aMujeres en la Iglesia Católica _2embne _9155915 |
|
| 830 | 1 |
_aOtra mujer ; _v8 _9182021 |
|
| 852 | 4 |
_aES-MaACL _jC-44934 |
|
| 999 |
_c44566 _d44566 |
||